Emoji Quiz #32 - Statistics

General Stats
  • This quiz has been taken 28 times
  • The average score is 13 of 25
Answer Stats
Hint Answer % Correct
🎂 {birthday} cake
100%
🍫 {chocolate} bar
86%
🧁 {cupcake}
81%
🍬 {candy}
76%
🥛 glass of {milk}
76%
🍯 {honey} pot
71%
🍭 {lollipop}
71%
🍺 {beer} mug
67%
🍷 {wine} glass
67%
🍼 baby {bottle}
57%
🧋 {bubble} tea
57%
🥢 {chopsticks}
57%
🧊 {ice}
57%
🫖 {teapot}
43%
🍸 {cocktail} glass
38%
🍰 {shortcake}
33%
🍡 {dango}
29%
🫗 {pouring} liquid
29%
🍶 {sake}
29%
🍮 {custard}
24%
hot {beverage}
24%
🧉 {mate}
24%
🍹 {tropical} drink
24%
🧃 {beverage} box
19%
🥃 {tumbler} glass
19%
No matching quizzes found
Score Distribution
Percent of People with Each Score
Percentile by Number Answered
Your Score History
You have not taken this quiz